| Tag |
First Indicator |
Second Indicator |
Subfields |
| LEADER |
00000cam a2200000 4500 |
| 001 |
in00000037959 |
| 005 |
20151007080734.0 |
| 008 |
720303s1965 eng u |
| 010 |
|
|
|a 65021014
|
| 035 |
|
|
|a (OCoLC)00255058
|
| 035 |
|
|
|9 AAF5297AM
|
| 040 |
|
|
|c WSU
|d OCL
|d TXA
|d UtOrBLW
|
| 049 |
|
|
|a TXAM
|c [458957]
|
| 050 |
|
0 |
|a HM141
|b .L79
|
| 092 |
|
|
|a 301.155
|b L921w
|
| 100 |
1 |
|
|a Lowry, Ritchie P.,
|d 1926-
|
| 245 |
1 |
0 |
|a Who's running this town?
|
| 250 |
|
|
|a [1st ed.].
|
| 264 |
|
1 |
|a [Place of publication not identified] :
|b Harper & Row,
|c [1965]
|
| 300 |
|
|
|a 250 pages
|
| 336 |
|
|
|a text
|b txt
|2 rdacontent
|
| 337 |
|
|
|a unmediated
|b n
|2 rdamedia
|
| 338 |
|
|
|a volume
|b nc
|2 rdacarrier
|
| 504 |
|
|
|a Bibliography: pages 239-243.
|
| 650 |
|
0 |
|a Community leadership.
|
| 650 |
|
0 |
|a Power (Social sciences)
|
| 999 |
|
|
|a MARS
|
| 999 |
f |
f |
|s f32aa9ed-1229-33cc-a71a-527bce9ccc85
|i e5686f71-f556-3416-aab9-bb94ec0dd592
|t 0
|
| 952 |
f |
f |
|p ric
|a Texas A&M University
|b Rellis Campus
|c Joint Library Facility
|d Remote Storage
|t 0
|e HM141 .L79
|h Library of Congress classification
|i unmediated -- volume
|m A14800638876
|
| 998 |
f |
f |
|a HM141 .L79
|t 0
|l Remote Storage
|